<?xml version="1.0" encoding="UTF-8"?>
<marc:record xmlns:marc="http://www.loc.gov/MARC21/slim">
   <marc:leader>00000nam a2200000 a 4500</marc:leader>
   <marc:datafield ind1="1" ind2=" " tag="100">
      <marc:subfield code="a">Weber, Eva</marc:subfield>
      <marc:subfield code="4">aut</marc:subfield>
      <marc:subfield code="e">Verfasser/-in</marc:subfield>
   </marc:datafield>
   <marc:datafield ind1=" " ind2=" " tag="653">
      <marc:subfield code="a">Josef</marc:subfield>
   </marc:datafield>
   <marc:datafield ind1=" " ind2=" " tag="653">
      <marc:subfield code="a">Religionsunterricht</marc:subfield>
   </marc:datafield>
   <marc:datafield ind1=" " ind2=" " tag="653">
      <marc:subfield code="a">Grundschule</marc:subfield>
   </marc:datafield>
   <marc:datafield ind1=" " ind2=" " tag="653">
      <marc:subfield code="a">Grund- und weiterführende Schulen</marc:subfield>
   </marc:datafield>
   <marc:datafield ind1=" " ind2=" " tag="653">
      <marc:subfield code="a">Klasse 1/2</marc:subfield>
   </marc:datafield>
   <marc:datafield ind1=" " ind2=" " tag="653">
      <marc:subfield code="a">Religion</marc:subfield>
   </marc:datafield>
   <marc:datafield ind1=" " ind2=" " tag="653">
      <marc:subfield code="a">Christentum</marc:subfield>
   </marc:datafield>
   <marc:datafield ind1=" " ind2=" " tag="653">
      <marc:subfield code="a">Glaube</marc:subfield>
   </marc:datafield>
   <marc:datafield ind1=" " ind2=" " tag="653">
      <marc:subfield code="a">Fachliteratur für Lehrer</marc:subfield>
   </marc:datafield>
   <marc:datafield ind1=" " ind2=" " tag="653">
      <marc:subfield code="a">Differenzierung</marc:subfield>
   </marc:datafield>
   <marc:datafield ind1=" " ind2=" " tag="653">
      <marc:subfield code="a">Softcover / Pädagogik/Grundschule</marc:subfield>
   </marc:datafield>
   <marc:datafield ind1=" " ind2=" " tag="653">
      <marc:subfield code="a">Lehrmittel</marc:subfield>
   </marc:datafield>
   <marc:datafield ind1="0" ind2="0" tag="245">
      <marc:subfield code="a">Die Josefsgeschichte entdecken</marc:subfield>
   </marc:datafield>
   <marc:datafield ind1="0" ind2="0" tag="245">
      <marc:subfield code="b">eine Unterrichtsreihe zum Sofort-Loslegen ; Klasse 1/2</marc:subfield>
   </marc:datafield>
   <marc:datafield ind1="0" ind2="0" tag="245">
      <marc:subfield code="c">Eva Weber</marc:subfield>
   </marc:datafield>
   <marc:datafield ind1=" " ind2="1" tag="264">
      <marc:subfield code="a">Mülheim an der Ruhr</marc:subfield>
      <marc:subfield code="b">Verl. an der Ruhr</marc:subfield>
      <marc:subfield code="c">2014</marc:subfield>
   </marc:datafield>
   <marc:datafield ind1="1" ind2=" " tag="490">
      <marc:subfield code="a">Religion</marc:subfield>
   </marc:datafield>
   <marc:datafield ind1="1" ind2=" " tag="520">
      <marc:subfield code="a">Angaben aus der Verlagsmeldung

Die Josefsgeschichte entdecken – Klasse 1/2 : Eine Unterrichtsreihe zum Sofort-Loslegen / von Eva Weber

Unterrichtsmaterial für Lehrer an Grundschulen, Fach: evangelische und katholische Religionslehre, Klasse 1/2 +++ Die alttestamentliche Josefsgeschichte ist ein besonders schönes Lehrplanthema, im katholischen wie im evangelischen Religionsunterricht: Die Kinder finden die Erzählung von Josef und seinen Brüdern meist sehr spannend und verfolgen den Handlungsverlauf ausgesprochen interessiert. Dieser Papphefter bereitet die bedeutungsvolle Bibelgeschichte speziell für jüngere Schüler auf – und liefert Ihnen für eine minimale Vorbereitungszeit fertig ausgearbeitete Stundenentwürfe und alle notwendigen Materialien für einen kindgerechten und abwechslungsreichen Unterricht. Neben den kompletten Stundenbildern mit ausführlicher Anleitung als Lehrerhandreichung erhalten Sie alle Arbeitsblätter und Kopiervorlagen, Musiknoten und Bildvorlagen. Die motivierenden und handlungsorientierten Materialien berücksichtigen auch die Nicht-Leser, sodass sich die Inhalte für jahrgangsübergreifende Klassen ebenfalls bestens eignen. Vom eigenen „Josefbüchlein“ über Klammerkarten bis hin zu einem Test zur Vertiefung bzw. Lernzielkontrolle haben Sie alles direkt in einem Papphefter – und erleben mit den Kindern einen echten Klassiker des Religionsunterrichts noch einmal völlig neu.
</marc:subfield>
   </marc:datafield>
   <marc:datafield ind1=" " ind2=" " tag="020">
      <marc:subfield code="a">9783834625038</marc:subfield>
      <marc:subfield code="9">9783834625038</marc:subfield>
   </marc:datafield>
   <marc:datafield ind1=" " ind2=" " tag="041">
      <marc:subfield code="a">ger</marc:subfield>
   </marc:datafield>
   <marc:datafield ind1=" " ind2=" " tag="300">
      <marc:subfield code="a">60 Bl.</marc:subfield>
   </marc:datafield>
</marc:record>
